00438nam a2200121 a 450000100100000000500170001000800410002704000250006824500360009326001320012930000170026150000380027800003793920201002031135.0130311s2006 dr 000 0 spa d aDO-SdBNPbspacBNPHU00aHistoria de grandes pequeños. aSanto Domingo :bCampaña de Promoción y Desarrollo de la Literatura Infantil y Juvenil de la República Dominicana,c2006. av. ;c22 cm. aLa biblioteca posee el el tomo II